000 00364nam a22001217a 4500
040 _cSK
082 _a333
100 _aNA
245 _aសម្បទានដីសេដ្ឋកិច្ចនៅកម្ពុជាទស្សនៈវិស័យខាងសិទ្ធមនុស្ស
260 _aPhnom Penh
_bNA
_c2007
300 _a61p.
942 _cKB
999 _c9443
_d9443